La protection des droits sociaux fondamentaux dans les Etats membres de l'Union européenne : (Record no. 1610)

MARC details
000 -LEADER
fixed length control field 02151cam a2200517Ia 4500
001 - CONTROL NUMBER
control field ocm46938883
003 - CONTROL NUMBER IDENTIFIER
control field OCoLC
005 - DATE AND TIME OF LATEST TRANSACTION
control field 20120308045418.0
008 - FIXED-LENGTH DATA ELEMENTS--GENERAL INFORMATION
fixed length control field 010514s2000 gr b 000 0 fre d
040 ## - CATALOGING SOURCE
Original cataloging agency FSW
Language of cataloging fre
Transcribing agency FSW
Modifying agency LUI
-- OCLCQ
-- DEBBG
-- CHRRO
-- BDF
016 7# - NATIONAL BIBLIOGRAPHIC AGENCY CONTROL NUMBER
Record control number FRBNF39193762000000X
Source FrPBN
020 ## - INTERNATIONAL STANDARD BOOK NUMBER
International Standard Book Number 960150303X (Ant. N. Sakkoulas)
020 ## - INTERNATIONAL STANDARD BOOK NUMBER
International Standard Book Number 9789601503035 (Ant. N. Sakkoulas)
020 ## - INTERNATIONAL STANDARD BOOK NUMBER
International Standard Book Number 2802712462 (Bruylant)
020 ## - INTERNATIONAL STANDARD BOOK NUMBER
International Standard Book Number 9782802712466 (Bruylant)
020 ## - INTERNATIONAL STANDARD BOOK NUMBER
International Standard Book Number 3789059587 (Nomos Verlagsgesellschaft)
020 ## - INTERNATIONAL STANDARD BOOK NUMBER
International Standard Book Number 9783789059582 (Nomos Verlagsgesellschaft)
029 1# - (OCLC)
OCLC library identifier NLGGC
System control number 212934287
029 1# - (OCLC)
OCLC library identifier ZWZ
System control number 055058906
029 1# - (OCLC)
OCLC library identifier HEBIS
System control number 09339313X
029 1# - (OCLC)
OCLC library identifier DEBBG
System control number BV013519566
029 1# - (OCLC)
OCLC library identifier CHRRO
System control number R274907560
029 1# - (OCLC)
OCLC library identifier BDF
System control number FRBNF39193762000000X
035 ## - SYSTEM CONTROL NUMBER
System control number (OCoLC)46938883
043 ## - GEOGRAPHIC AREA CODE
Geographic area code e------
050 #4 - LIBRARY OF CONGRESS CALL NUMBER
Classification number KJC2838
Item number .P76 2000
082 04 - DEWEY DECIMAL CLASSIFICATION NUMBER
Classification number 341.242
Item number PRO
084 ## - OTHER CLASSIFICATION NUMBER
Classification number PS 3852
Source of number rvk
049 ## - LOCAL HOLDINGS (OCLC)
Holding library TZAA
245 03 - TITLE STATEMENT
Title La protection des droits sociaux fondamentaux dans les Etats membres de l'Union européenne :
Remainder of title étude de droit comparé /
Statement of responsibility, etc Julia Iliopoulos-Strangas (éd.).
260 ## - PUBLICATION, DISTRIBUTION, ETC. (IMPRINT)
Place of publication, distribution, etc Athènes :
Name of publisher, distributor, etc Ant. N. Sakkoulas ;
Place of publication, distribution, etc Bruxelles :
Name of publisher, distributor, etc Bruylant ;
Place of publication, distribution, etc Baden-Baden :
Name of publisher, distributor, etc Nomos,
Date of publication, distribution, etc 2000.
300 ## - PHYSICAL DESCRIPTION
Extent xvii, 1033 p. ;
Dimensions 23 cm.
490 1# - SERIES STATEMENT
Series statement Human rights (Athens, Greece) ;
Volume number/sequential designation 3
504 ## - BIBLIOGRAPHY, ETC. NOTE
Bibliography, etc Contient des réf. bibliogr.
650 #7 - SUBJECT ADDED ENTRY--TOPICAL TERM
Topical term or geographic name as entry element Droit social (droit européen)
Source of heading or term ram
650 #7 - SUBJECT ADDED ENTRY--TOPICAL TERM
Topical term or geographic name as entry element Droits de l'homme (droit européen)
Source of heading or term ram
650 #0 - SUBJECT ADDED ENTRY--TOPICAL TERM
Topical term or geographic name as entry element Social legislation
Geographic subdivision Europe.
650 #7 - SUBJECT ADDED ENTRY--TOPICAL TERM
Topical term or geographic name as entry element droit communautaire
General subdivision droits fondamentaux
Form subdivision [études diverses]
Source of heading or term rero
650 #7 - SUBJECT ADDED ENTRY--TOPICAL TERM
Topical term or geographic name as entry element droit communautaire
General subdivision droits de l'homme
Form subdivision [études diverses]
Source of heading or term rero
650 #7 - SUBJECT ADDED ENTRY--TOPICAL TERM
Topical term or geographic name as entry element Begriff
General subdivision Soziales Grundrecht
-- Kategorie.
Source of heading or term cjurivoc
650 #7 - SUBJECT ADDED ENTRY--TOPICAL TERM
Topical term or geographic name as entry element Soziale Sicherheit
General subdivision Soziales Grundrecht
-- Rechtsvergleichung
-- Mitgliedstaat
-- EU
-- Landesrecht
-- Gemeinschaftsrecht.
Source of heading or term cjurivoc
700 1# - ADDED ENTRY--PERSONAL NAME
Personal name Iliopoulos-Strangas, Julia.
830 #0 - SERIES ADDED ENTRY--UNIFORM TITLE
Uniform title Human rights (Athens, Greece) ;
Volume number/sequential designation 3.
856 42 - ELECTRONIC LOCATION AND ACCESS
Materials specified Notice et cote du catalogue de la Bibliothèque nationale de France
Uniform Resource Identifier <a href="http://catalogue.bnf.fr/ark:/12148/cb39193762v">http://catalogue.bnf.fr/ark:/12148/cb39193762v</a>
994 ## -
-- C0
-- TZACH

No items available.

African Court on Human and Peoples' Rights | For Inquiries Contact » +255 272 510 510